An Economic Study of Public Undertakings Government/ (Record no. 213935)

MARC details
000 -LEADER
fixed length control field 00679nam a22002057a 4500
005 - DATE AND TIME OF LATEST TRANSACTION
control field 20251216105230.0
010 ## - LCCN (DPL NO)
LC control number ENG-147304
020 ## - INTERNATIONAL STANDARD BOOK NUMBER
International Standard Book Number 9789381632758
Terms of availability 500.00
035 ## - SYSTEM CONTROL NUMBER
System control number EN-130836
037 ## - SOURCE OF ACQUISITION
Source of stock number/acquisition DBAD
082 ## - DEWEY DECIMAL CLASSIFICATION NUMBER
Classification number 338.74
Edition number 1
100 ## - MAIN ENTRY--PERSONAL NAME
Personal name Pandey, Indu Shekhar
245 ## - TITLE STATEMENT
Title An Economic Study of Public Undertakings Government/
Statement of responsibility, etc Indu Shekhar Pandey [and] Phanundra Kumar Sinha
250 ## - EDITION STATEMENT
Edition statement 1
260 ## - PUBLICATION, DISTRIBUTION, ETC. (IMPRINT)
Place of publication, distribution, etc New Delhi
Name of publisher, distributor, etc Satyam Publishing House
Date of publication, distribution, etc 2013
270 ## - ADDRESS
Address N-3/25, Mohan Garden, Uttam Nagar
City New Delhi
Postal code 110059
300 ## - PHYSICAL DESCRIPTION
Extent 123p.
Dimensions 21c.m.(Hb)
700 ## - ADDED ENTRY--PERSONAL NAME
Personal name Sinha, Phanundra Kumar
Relator term Author
9 (RLIN) 86103
942 ## - ADDED ENTRY ELEMENTS (KOHA)
Source of classification or shelving scheme Dewey Decimal Classification
Item type English Books
Classification part 338.74
Call number prefix PAN
Holdings
Withdrawn status Lost status Not for loan Collection code Home library Current library Date acquired Source of acquisition Cost, normal purchase price Full call number Barcode Copy number Cost, replacement price Koha item type
      Non-fiction Sarojini Nagar Sarojini Nagar 16/12/2025 Delivery of Books Act Division 500.00 338.74 EN-130836 1 500.00 English Books

© Delhi Public Library
Hit Counter
free hit counter